00333nam a2200097Ia 4500008004100000082002000041100002300061245001600084260003800100650009700138211119s9999||||xx |||||||||||||| ||und|| a894.8123bCHA-P aChandroth, Susmesh 0aPaper Lodge bMathrubhumi Booksa2012cKottayam aMalayalam LiteraturevMalayalam FictionMalayalam NovelsShort StoriesMalayalamxGeneral Stack